Municipis de la comarca del Baix Empordà (Catalunya) - Statistics

General Stats
  • This quiz has been taken 388 times
  • The average score is 24 of 36
Answer Stats
Hint Answer % Correct
BE La Bisbal d'Empordà
95%
P Palamós
90%
SFG Sant Feliu de Guíxols
90%
B Begur
89%
TME Torroella de Montgrí - L'Estartit
89%
CPA Castell - Platja d'Aro
87%
P Palafrugell
86%
P Pals
86%
SCA Santa Cristina d'Aro
81%
CSA Calonge - Sant Antoni
76%
CMS Cruïlles - Monells - Sant Sadurní de l'Heura
74%
U Ullà
74%
U Ultramort
71%
LP La Pera
69%
M Mont-Ras
66%
U Ullastret
66%
BE Bellcaire d'Empordà
63%
V Verges
63%
C Corçà
62%
A Albons
60%
TE La Tallada d'Empordà
58%
F Foixà
57%
R Regencós
57%
J Jafre
56%
PS Palau-sator
56%
R Rupià
56%
VL Vall-llobrega
56%
SD Serra de Daró
55%
V Vilopriu
55%
F Forallac
54%
F Fontanilles
53%
P Parlavà
52%
C Colomers
50%
G Garrigoles
48%
T Torrent
48%
G Gualta
47%
No matching quizzes found
Score Distribution
Percent of People with Each Score
Percentile by Number Answered
Your Score History
You have not taken this quiz